书目信息 |
| 题名: |
虚拟仪器技术
|
|
| 作者: | 丁士心 , 崔桂梅 主编 | |
| 分册: | ||
| 出版信息: | 北京 科学出版社 2005.07 |
|
| 页数: | 276页 | |
| 开本: | 24cm | |
| 丛书名: | ||
| 单 册: | ||
| 中图分类: | TP216 | |
| 科图分类: | ||
| 主题词: | 智能仪器--zhi neng yi qi--高等教育--教材 | |
| 电子资源: | ||
| ISBN: | 7-03-015146-1 | |
| 000 | 01001nam0 2200277 450 | |
| 001 | 012006017482 | |
| 005 | 20060522151817.14 | |
| 010 | @a7-03-015146-1@dCNY25.00 | |
| 100 | @a20060510d2005 km y0chiy0120 ea | |
| 101 | 0 | @achi |
| 102 | @aCN@b110000 | |
| 105 | @aa a 000yy | |
| 200 | 1 | @a虚拟仪器技术@Axu ni yi qi ji shu@f丁士心, 崔桂梅主编@Fding shi xin,cui gui mei zhu bian |
| 210 | @a北京@c科学出版社@d2005.07 | |
| 215 | @a276页@c图@d24cm | |
| 300 | @a高等职业教育人才培养创新教材出版工程 | |
| 300 | @a高职高专电子信息类教材系列 | |
| 320 | @a有书目 | |
| 330 | @a本书以美国国家仪器公司NI的LabVIEW图形化编程语言为虚拟仪器开发平台,以虚拟仪器的基本概念、基本原理、LabVIEW编程环境、编程方法、数据采集、信号分析与处理等方面的应用为基本内容。 | |
| 606 | 0 | @a智能仪器@Azhi neng yi qi@x高等教育@j教材 |
| 610 | 0 | @a虚拟仪器 |
| 690 | @aTP216@v4 | |
| 701 | 0 | @a丁士心@Ading shi xin@4主编 |
| 701 | 0 | @a崔桂梅@Acui gui mei@4主编 |
| 801 | 0 | @aCN@bQSSK@c20060522 |
| 905 | @a10447@dTP216@eD567 | |
| 虚拟仪器技术/丁士心, 崔桂梅主编.-北京:科学出版社,2005.07 |
| 276页:图;24cm |
| 高等职业教育人才培养创新教材出版工程.-高职高专电子信息类教材系列 |
| ISBN 7-03-015146-1:CNY25.00 |
| 本书以美国国家仪器公司NI的LabVIEW图形化编程语言为虚拟仪器开发平台,以虚拟仪器的基本概念、基本原理、LabVIEW编程环境、编程方法、数据采集、信号分析与处理等方面的应用为基本内容。 |
| ● |
| 相关链接 |
|
|
|
正题名:虚拟仪器技术
索取号:TP216/D567
 
预约/预借
| 序号 | 登录号 | 条形码 | 馆藏地/架位号 | 状态 | 备注 |
| 1 | 580409 | 205804094 | 自科库301/301自科库 40排3列5层/ [索取号:TP216/D567] | 在馆 | |
| 2 | 580410 | 205804101 | 自科库301/301自科库 40排3列5层/ [索取号:TP216/D567] | 在馆 | |
| 3 | 580411 | 205804110 | 自科二线404/404自科库 14排1列5层/ [索取号:TP216/D567] | 在馆 |